[Event "BEL FEFB-ch"]
[Site "Ans"]
[Date "1995.05.28"]
[Round "7"]
[White "Van Houtte, Thierry"]
[Black "Le Quang, Kim"]
[Result "0-1"]
[WhiteElo "2205"]
[BlackElo "2235"]
[PlyCount "70"]
[EventDate "1995.04.29"]
[EventType "swiss"]
[EventRounds "7"]
[EventCountry "BEL"]
[SourceTitle "EXT 2008"]
[Source "ChessBase"]
[SourceDate "2007.11.25"]
[SourceVersion "1"]
[SourceVersionDate "2007.11.25"]
[SourceQuality "1"]

1. d4 Nf6 2. Bg5 Ne4 3. Bf4 d5 4. f3 Nf6 5. e4 e6 6. e5 Nfd7 7. Be3 c5 8. c3 Nc6 9. f4 Qb6 10. Qd2 Be7 11. Nf3 a5 12. g3 a4 13. Bh3 cxd4 14. Bxd4 Nxd4 15. Nxd4 Nc5 16. 0-0 Ne4 17. Qc2 Bc5 18. Rd1 0-0 19. Bg2 Bd7 20. Bxe4 dxe4 21. Na3 Rac8 22. Kg2 Bxa3 23. bxa3 Rc4 24. Ne2 Bc6 25. Rd4 Qc5 26. Rxc4 Qxc4 27. Nd4 Bd5 28. Rb1 Rc8 29. Rb4 Qxc3 30. Qxa4 e3+ 31. Kh3 e2 32. Nxe2 Qf3 33. f5 Qxe2 34. Qd7 Qh5+ 35. Rh4 Qxf5+ 0-1